American History - Sudden Death Multiple Choice - Statistics

General Stats
  • This quiz has been taken 133 times
  • The average score is 5 of 10
Answers on the Grid
Answers color-coded by a green-red scale on the quiz's grid according to % correct below.
What year was the Declaration of Independence signed?
1776
Who was the 45th President?
Donald Trump
Joe Biden
What War was the Battle of Saratoga in?
Revolutionary War
Civil War
What country was the United States in a Cold War with?
Soviet Union
China
What began after the stock market crash of 1929?
The Great Depression
World War I
Which President was considered the founder of the League of Nations?
Woodrow Wilson
Harry Truman
Franklin Roosevelt
Who gave the United States the Statue of Liberty?
France
Egypt
Great Britain
Which President was known for their "Big Stick Diplomacy?
Theodore Roosevelt
William H. Taft
Who is credited for "opening" Japan?
Commodore Matthew Perry
How old is the United States?
248
260
 
Answer Stats
Answer % Correct
1776
62%
France
60%
The Great Depression
53%
Soviet Union
52%
248
46%
Donald Trump
46%
Theodore Roosevelt
41%
Woodrow Wilson
38%
Revolutionary War
32%
Commodore Matthew Perry
21%
No matching quizzes found
Score Distribution
Percent of People with Each Score
Percentile by Number Answered
Your Score History
You have not taken this quiz